Tout les animes commençant par A ou @ - Statistiques

Statistiques générales
  • Ce quiz a été pris 16 fois
  • Le résultat moyen est 3 sur 214
Statistiques - réponses
Réponse % Correct
assassination classroom
50%
angel beats!
25%
akira
17%
anohana
17%
another
17%
aoashi
17%
a sign of affection
17%
86: eighty six
8%
91days
8%
a3!
8%
a.i.c.o.
8%
akudama drive
8%
aldnoah.zero
8%
alya sometimes hides her feelings in russian
8%
ao haru ride
8%
ao no exorcist
8%
arte
8%
ashita no joe
8%
asobi asobase
8%
009-1
0%
009 Re: Cyborg
0%
07-Ghost
0%
0 Years Old Child Starting Dash Story
0%
100-man no Inochi no Ue ni Ore a Tatteiru
0%
11eyes
0%
11-nin Iru!
0%
12-sai
0%
15-sai
0%
16bit Sensation: ANOTHER LAYER
0%
180-byou de Kimi no Mimi wo Shiawase ni Dekiru ka?
0%
18if
0%
22/7
0%
2.43: Seiin Koukou Danshi Volley-bu
0%
2.5 Dimensional Seduction
0%
30-sai no Hoken Taiiku
0%
365 Days To The Wedding
0%
3D Kanoho: Real Girl
0%
3-gastu no Lion
0%
4 CUT HERO
0%
4-nin wa sorezore uso wo tsuku
0%
5-toubn no hanayome
0%
6 angels
0%
7seeds
0%
7th time loop: the vaillainess enjoys a carefree life married to her worst enemy!
0%
aa! megami-sama!
0%
abciee shuugyou nikki
0%
abenobashi mahou shoutengai
0%
absolute duo
0%
acca: 13-ku kansatsu-ka
0%
accel world
0%
acchi kocchi
0%
ace attorney
0%
ace wo nerae!
0%
a-channel
0%
a condition called love
0%
acro trip
0%
action heroine cheer fruits
0%
active raid
0%
actors: songs connection
0%
adachi to shimamura
0%
africa no salaryman
0%
after school hanako-kun
0%
after war gundam X
0%
agatha christie no meitantei poirot to marple
0%
a girl & her guard dog
0%
agressive retsuko
0%
aharen-san wa hakarenai
0%
a herbivorous dragon of 5000 years gets unfairly villainized
0%
ahiro no sora
0%
aho-girl
0%
aikatsu !
0%
aikatsu friends !
0%
aikatsu on parade !
0%
aikatsu stars !
0%
ai-mai-mi
0%
ai mai! moe can change !
0%
ai no idenshi
0%
ai no kusabi
0%
ai no utagoe wo kikasete
0%
ai no wakakusa monogatari
0%
air
0%
air gear
0%
air in summer
0%
air master
0%
Aishen Qiaokeli-ing…
0%
ai tenchi muyou!
0%
ai tenshi densetsu wedding peach
0%
aiura
0%
ai wo komete
0%
aiyou's secret room
0%
ajin
0%
a journey through another world:raising kids while adventuring
0%
akagame no anne: green gables e no michi
0%
akagami no shirayuki-hime
0%
akagi
0%
akama ga kill!
0%
akane-iro ni somaru saka
0%
akanesasu shoujo
0%
akatsuki no yona
0%
akb0048
0%
akebi-chan no serafuku
0%
akiba-chan
0%
akiba maid sensou
0%
akikan!
0%
aki no kanade
0%
aki-sora
0%
a kite
0%
akuma no riddle
0%
aku no hana
0%
Akuyaku Reijou nano de Last Boss wo Kattemimashita
0%
alice gear aegis expansion
0%
alice in deadly school
0%
Alice or Alice: Siscon Niisan to Futago no Imouto
0%
alice to zouroku
0%
alka R-16: Virgin Mission
0%
alka:zero
0%
allison to lillia
0%
all out!!
0%
all saints street
0%
alps no shoujo heidi
0%
amaenaide yo!!
0%
amagami SS
0%
amagi brilliant park
0%
amanchu!
0%
amatsuki
0%
ameiro cocoa
0%
ame to shoujo to watashi no tegami
0%
ame wo tsugero hyouryuu danchi
0%
amnesia
0%
An Archdemon’s Dilemma: How to Love Your Elf Bride
0%
Android ana maico 2010
0%
ane log: moyako nee-san no tomaranai monologue
0%
angel's feather
0%
angolmois: genkou kassenki
0%
anima yell!
0%
anime-gataris
0%
ani ni tsukeru kusuri wa nai!
0%
a nobody's way up to an exploration hero LV
0%
ano natsu de matteru
0%
another journey to the west
0%
another world
0%
ansatsu kyoushitsu
0%
antique bakery
0%
aoharu x kikanjuu
0%
aoi bungaku series
0%
aoi hana
0%
aoi sekai no chuushin de
0%
aoki densetsu shoot!
0%
aoki hagane no arpeggio: ars nova
0%
ao no 6-gou
0%
ao no hako
0%
ao no kanata no four
0%
ao no miburo
0%
ao no orchestra
0%
apfelland monogatari
0%
a playthrough of a certain dude's VRMMO life
0%
appare-ranman!
0%
appleseed XIII
0%
aquarion evol
0%
araburu kisetsu no otome-domo yo
0%
aracana famiglia
0%
arad senki: slap up party
0%
arakawa under the bridge
0%
arata kangatari
0%
arata naru sekai: mirai-hen
0%
Area no kishi
0%
arei no kagami
0%
a returner's magic should be special
0%
Are you ok
0%
argonavis from bang dream!
0%
aria the animation
0%
arifureta shokugyou de sekai saikyou
0%
arion
0%
ark ix
0%
arknights: reimei zensou
0%
armed blue gunvolt
0%
armitage iii
0%
aro backstage pass
0%
arslan senki
0%
ars no kyojuu
0%
Ar Tonelico: Sekai no Owari de Utai Tsuzukeru Shoujo
0%
Aru Asa Dummy Head Mic ni Natteita Ore-kun no Jinsei
0%
aru hi inu kuni kara tegami ga kite
0%
arve rezzle: kikaijikake no yousei-tachi
0%
asagao to kase-san
0%
asagiro no miko
0%
asako get you!!
0%
asa made jugyou chu!
0%
As a Reincarnated Aristocrat, I’ll Use My Appraisal Skill to Rise in the World
0%
asatir: mirai no mukashibanashi
0%
asatte no houkou
0%
Ashiaraiyashiki no Juunin-tachi
0%
asobi ni iku yo!
0%
assassins pride
0%
assault lily: bouquet
0%
astarotte no omocha!
0%
a story of a girl that was unable to become a mage
0%
astro note
0%
asu no yoichi!
0%
asura
0%
asura cryin'
0%
Atasha Kawajiri Kodama da yo: Dangerous Lifehacker no Tadareta Seikatsu
0%
a terrified teacher at ghoul school!
0%
atri: my dear moments
0%
aura: maryuuinkouga saigo no tatakai
0%
a will eternal
0%
ayaka
0%
ayakashi
0%
ayakashi triangle
0%
aya to majo
0%
azumanga daioh
0%
azur lane
0%
_Summer
0%
'Tis Time For "Torture",Princess
0%
Aucun quiz correspondant
Distribution des résultats
% des personnes avec chaque résultat
Percentile par nombre de réponses
Votre historique - résultats
Vous n’avez pas pris ce quiz